Co a jak řeší IV. generace time managementu

Odkladanie úloh na neskorší čas môže firme spôsobiť značné ekonomické škody. Ako tomu zabrániť. V súčasnosti sa teoretické poznatky v oblasti manažmentu času nachádzajú v IV. generácii vývoja. Popis prvých troch generácií vývoja. Stanovenie priorít úloh ich posúdením na osi naliehavosti a dôležitost...

Descrizione completa

Salvato in:
Dettagli Bibliografici
Autore principale: Botek, Marek
Natura: Capitolo di libro
Lingua:ceco
Soggetti:
Tags: Aggiungi Tag
Nessun Tag, puoi essere il primo ad aggiungerne!!

MARC

LEADER 00000naa$a2200000$$$4500
001 0065416
005 20231128135259.3
041 0 |a cze 
044 |a CZ 
245 1 0 |a Co a jak řeší IV. generace time managementu  |c Marek Botek 
520 |a Odkladanie úloh na neskorší čas môže firme spôsobiť značné ekonomické škody. Ako tomu zabrániť. V súčasnosti sa teoretické poznatky v oblasti manažmentu času nachádzajú v IV. generácii vývoja. Popis prvých troch generácií vývoja. Stanovenie priorít úloh ich posúdením na osi naliehavosti a dôležitosti. Plánovanie pracovnej doby a využitie počítačového prostredia - MS Outlook. Nástroje na riadenie času - denník, úlohy a kalendár. Zadávanie úloh pracovníkom cez MS Outlook. 
610 2 0 |a manažment času 
610 2 0 |a riadenie času 
610 2 0 |a organizácia práce 
610 2 0 |a plánovanie času 
610 2 0 |a racionalizácia 
610 2 0 |a technológie informačné 
610 2 0 |a počítače 
610 2 0 |a pošta elektronická 
610 2 0 |a manažéri 
610 2 0 |a pracovníci 
100 1 |a Botek, Marek